[Event "Tourn. n9650"]
[Site "www.chess-mail.com"]
[Date "2018.03.01"]
[Round "1"]
[White "Sahlapalat"]
[Black "Dussek"]
[WhiteElo "1960"]
[BlackElo "1850"]
[Result "1-0"]
[Round "1"]
1.e4 c5
2.Ng1f3 d6
3.d4 cxd4
4.Nf3xd4 Ng8f6
5.Nb1c3 a6
6.Bc1e3 Nb8c6
7.Bf1e2 Bc8d7
8.O-O g6
9.Qd1d2 Bf8g7
10.Ra1d1 Qd8c7
11.Nd4b3 O-O
12.f4 Bd7g4
13.a4 Bg4xe2
14.Qd2xe2 Ra8c8
15.Nb3d4 Rf8d8
16.Kh1 e6
17.f5 e5
18.Nd4b3 Bg7f8
19.fxg6 hxg6
20.Rf1xf6 Bf8g7
21.Be3g5 Bg7xf6
22.Bg5xf6 Nc6e7
23.Qe2d2 Kf8
24.Nc3d5 Qc7xc2
25.Qd2xc2 Rc8xc2
26.Bf6xe7 Ke8
27.Be7xd8 Kxd8
28.Rd1d2 Rc2c4
29.Nd5c3 Kd7
30.Kg1 Rc4c8
31.a5 Ke6
32.g4 Rc8h8
33.Kg2 Rh8h4
34.Kg3 g5
35.Nc3d5 Rh4h8
36.Rd2c2 Rh8d8
37.Rc2c7 Rd8b8
38.Rc7e7 { resign }
1-0

[Event "Tourn. n9736"]
[Site "www.chess-mail.com"]
[Date "2018.03.01"]
[Round "1"]
[White "Louis"]
[Black "Odd"]
[WhiteElo "1990"]
[BlackElo "1809"]
[Result "1-0"]
[Round "1"]
1.b4 e6
2.Bc1b2 Qd8g5
3.Ng1f3 Qg5f4
4.d4 Bf8xb4
5.Nb1c3 Ng8f6
6.e3 Qf4d6
7.a3  { time }
1-0

[Event "Tourn. n9639"]
[Site "www.chess-mail.com"]
[Date "2018.03.01"]
[Round "1"]
[White "Passaroa25"]
[Black "Pariolinius"]
[WhiteElo "1680"]
[BlackElo "1670"]
[Result "0-1"]
[Round "1"]
1.Ng1f3 d5
2.d4 Ng8f6
3.Nb1c3 Bc8f5
4.Nf3e5 e6
5.e3 Bf8b4
6.Bc1d2 O-O
7.Bf1d3 Bf5xd3
8.Ne5xd3 Bb4a5
9.O-O Nb8c6
10.Nd3c5 Ra8b8
11.Nc5d3 Nc6e7
12.Nd3e5 Qd8d6
13.f3 a6
14.Nc3a4 Ba5xd2
15.Qd1xd2 Nf6d7
16.b3 b5
17.Na4c3 Nd7xe5
18.dxe5 Qd6xe5
19.f4 Qe5d6
20.g4 c5
21.h4 b4
22.Nc3e2 Rf8d8
23.h5 h6
24.Ne2g3 Qd6c6
25.c4 dxc4
26.Qd2g2 Qc6xg2
27.Kxg2 c3
28.Ng3e2 Rd8d2
29.Rf1e1 Ne7d5
30.Kf3 Rb8d8
31.e4 Rd2d3
32.Kf2 Nd5f6
33.Re1g1 Nf6xe4
34.Kg2 Rd3d2
35.Rg1e1 Rd2b2
36.Kf3 Ne4d2
37.Ke3 f5
38.Kf2 Nd2e4
39.Kg2 fxg4
40.Kg1 Rd8d2
41.f5 exf5
42.a4 Rd2xe2
43.Re1xe2 Rb2xe2
44.Ra1d1 Ne4d2
45.Rd1c1 g3
46.Rc1c2 f4
47.a5 f3
48.Rc2xd2 Re2e1

0-1

[Event "Tourn. n9609"]
[Site "www.chess-mail.com"]
[Date "2018.03.01"]
[Round "1"]
[White "Numanoid"]
[Black "Jose"]
[WhiteElo "2390"]
[BlackElo "2810"]
[Result "1/2-1/2"]
[Round "1"]
1.d4 Ng8f6
2.Bc1g5 Nf6e4
3.Bg5h4 g5
4.f3 c5
5.fxe4 gxh4
6.e3 Bf8h6
7.Qd1d3 Nb8c6
8.Ng1f3 Qd8b6
9.Nb1a3 Qb6xb2
10.Ra1b1 Qb2xa2
11.Qd3c3 cxd4
12.exd4 Qa2e6
13.d5 Qe6xe4
14.Kf2 O-O
15.dxc6 Bh6g7
16.Rb1e1 Qe4xc6
17.Qc3xc6 dxc6
18.Re1xe7 Bg7f6
19.Re7e3 a5
20.Bf1e2 Rf8d8
21.Na3c4 Bc8f5
22.Nc4b6 Ra8a7
23.Be2d3 Bf5xd3
24.Re3xd3 Rd8xd3
25.cxd3 a4
26.d4 a3
27.Rh1a1 a2
28.Nb6d7 Bf6d8
29.Nd7c5 Bd8a5
30.Ra1xa2 Ba5e1
31.Kxe1 Ra7xa2
32.Nf3xh4 b5
33.Nc5d3 Kf8
34.Nd3c1 Ra2c2
35.Kd1 Rc2b2
36.Nc1d3 Rb2a2
37.Nd3c1 Ra2a4
38.Nh4f5 Ke8
39.Kd2 Kd7
40.Kc3 Ra4c4
41.Kd2 Ke6
42.g4 c5
43.d5 Kf6
44.h3 h5
45.d6 Ke6
46.Nc1d3 hxg4
47.d7 Kxd7
{ draw }
1/2-1/2

[Event "Match"]
[Site "www.echecsemail.com"]
[Date "2018.03.01"]
[Round "1"]
[White "Mitja"]
[Black "Bojan"]
[WhiteElo "2070"]
[BlackElo "1860"]
[Result "0-1"]
[Round "1"]
1.d4 c6
2.e3 g6
3.c3 Bf8g7
4.Ng1e2 d6
5.Ne2g3 b6
6.Bf1e2 d5
7.h3 Nb8d7
8.b3 e5
9.dxe5 Bg7xe5
10.Ng3f1 Ng8f6
11.Bc1b2 b5
12.Nf1d2 Nd7c5
13.Nd2f3 Be5d6
14.Qd1d4 Nc5e6
15.Qd4d1 Nf6e4
16.c4 Bd6b4
17.Nf3d2 O-O
18.O-O Ne4xd2
19.Nb1xd2 dxc4
20.Nd2e4 f5
21.Ne4c3 cxb3
22.Qd1xb3 a5
23.Rf1d1 Qd8e7
24.Be2f3 a4
25.Qb3c2 Ra8a6
26.Nc3e2 a3
27.Bb2c1 Bc8b7
28.Qc2b3 Kg7
29.Bc1d2 Bb4xd2
30.Rd1xd2 Ne6g5
31.Ra1d1 Ng5xf3
32.gxf3 Qe7g5
33.Ne2g3 Bb7c8
34.f4 Qg5f6
35.Rd2d6 Qf6b2
36.Qb3d3 Qb2xa2
37.Rd6d8 Qa2f7
38.Rd8xf8 Qf7xf8
39.Qd3d4 Kf7
40.h4 Bc8e6
41.e4 Qf8g7
42.e5 Qg7f8
43.h5 Ra6a4
44.hxg6 hxg6
45.Qd4b6 Be6d5
46.Ng3e2 Qf8c8
47.Ne2d4 Ra4a6
48.Qb6c5 a2
49.Nd4xb5 a1Q
50.Nb5d6 Ke6
51.Rd1xa1 Ra6xa1
52.Kh2 Qc8h8
{ resign }
0-1

[Event "Match"]
[Site "www.echecsemail.com"]
[Date "2018.03.01"]
[Round "1"]
[White "Bjonil60"]
[Black "Sahlapalat"]
[WhiteElo "1470"]
[BlackElo "1499"]
[Result "0-1"]
[Round "1"]
1.Ng1f3 c5
2.d3 d5
3.e3 Nb8c6
4.Nb1c3 e5
5.h3 Ng8f6
6.Bf1e2 Bf8e7
7.O-O O-O
8.a3 Rf8e8
9.Nf3h2 d4
10.Nc3a2 dxe3
11.Bc1xe3 Nf6d5
12.Be3d2 Nc6d4
13.g3 Bc8xh3
14.Rf1e1 Nd4xe2
15.Qd1xe2 Be7f6
16.c4 Nd5e7
17.Qe2h5 Bh3f5
18.Qh5f3 Qd8xd3
19.Qf3xd3 Bf5xd3
20.Nh2f3 e4
21.Nf3h2 Bf6xb2
22.Ra1d1 Bd3c2
23.Na2c3 Bc2xd1
24.Re1xd1 Bb2xa3
25.Bd2f4 Ne7c6
26.Rd1e1 Ba3b4
27.Re1c1 Ra8d8
28.Nh2g4 Bb4xc3
29.Rc1xc3 Rd8d3
30.Rc3xd3 exd3
31.f3 Nc6d4
32.Bf4d6 d2
33.Ng4f2 Re8e1
34.Kg2 Re1e2
35.f4 d1Q
36.Bd6xc5 Qd1d2
37.Bc5xd4 Qd2xd4
38.f5 Qd4xf2
39.Kh3 Qf2xf5
40.g4 Qf5f3
41.Kh4 Re2h2
42.Kg5 Qf3f6

0-1

[Event "Match"]
[Site "www.echecsemail.com"]
[Date "2018.03.01"]
[Round "1"]
[White "Lcbunghai"]
[Black "Apdash"]
[WhiteElo "2040"]
[BlackElo "2160"]
[Result "0-1"]
[Round "1"]
1.e4 d6
2.d4 Ng8f6
3.Nb1c3 g6
4.Bf1d3 Bf8g7
5.h3 Nb8c6
6.Bc1e3 e5
7.d5 Nc6e7
8.Ng1e2 c6
9.dxc6 bxc6
10.O-O O-O
11.a4 d5
12.exd5 cxd5
13.Nc3b1 e4
14.Bd3b5 a6
15.Nb1a3 axb5
16.Na3xb5 Bc8a6
17.Ne2d4 Nf6e8
18.c3 Ne8c7
19.Rf1e1 Ba6xb5
20.Nd4xb5 Qd8d7
21.Nb5xc7 Qd7xc7
22.Qd1d2 Rf8d8
23.Re1c1 Ne7f5
24.Rc1d1 Qc7c4
25.a5 d4
26.cxd4 Nf5xd4
27.Be3xd4 Rd8xd4
28.Qd2c1 Rd4xd1
29.Qc1xd1 Bg7xb2
30.Ra1a4 Qc4d3
{ resign }
0-1

[Event "Fast Game"]
[Site "www.echecsemail.com"]
[Date "2018.03.01"]
[Round "1"]
[White "Hennie4820"]
[Black "Pellix84"]
[WhiteElo "1680"]
[BlackElo "1600"]
[Result "1-0"]
[Round "1"]
1.e4 c5
2.Ng1f3 Nb8c6
3.d4 cxd4
4.Nf3xd4 g6
5.c4 Bf8g7
6.Bc1e3 e5
7.Nd4b5 Ng8e7
8.Nb5d6 Kf8
9.Qd1b3 Qd8a5
10.Nb1c3 Qa5b4
11.Qb3d1 Nc6d4
12.Nd6xc8 Ra8xc8
13.Bf1e2 Ne7c6
14.O-O Qb4xb2
15.Qd1d2 Qb2b4
16.Rf1b1 Nd4xe2
17.Nc3xe2 Qb4xc4
18.Rb1xb7 Qc4xe4
19.Qd2xd7 Qe4f5
20.Qd7d6 Kg8
21.Ne2g3 Qf5f6
22.Ra1d1 Qf6xd6
23.Rd1xd6 Bg7f8
24.Rd6d7 h5
25.Rd7xf7 Nc6d8
26.Rf7c7 Rc8xc7
27.Rb7xc7 a5
28.Rc7c8 Nd8e6
29.Rc8a8 h4
30.Ng3e4 Ne6d4
31.Kf1 Kf7
32.Ra8xa5 Bf8g7
33.Ra5a7 Kf8
34.a4 h3
35.g3 Rh8h5
36.a5 Nd4c6
37.Ra7a6 Nc6b4
38.Ra6xg6 Rh5f5
39.a6 Kf7
40.Rg6b6 Nb4d5
41.Rb6b7 Kg6
42.a7 Rf5f8
43.Rb7b8 Nd5c7
44.Be3c5 Rf8h8
45.Bc5d6 Nc7a8
46.Ne4c5 e4
47.Nc5e6 Kf7
48.Ne6c7 Bg7d4
49.Nc7xa8 Bd4xa7
50.Rb8xh8 Ke6
51.Bd6f4 Kd7
52.Rh8h7 { resign }
1-0

[Event "Fast Game"]
[Site "www.echecsemail.com"]
[Date "2018.03.01"]
[Round "1"]
[White "Sefj"]
[Black "Fegatux"]
[WhiteElo "1599"]
[BlackElo "1599"]
[Result "0-1"]
[Round "1"]
1.Ng1f3 d6
2.e4 Bc8g4
3.Bf1c4 e6
4.h3 Bg4h5
5.d4 Ng8f6
6.Nb1c3 c6
7.g4 Bh5g6
8.Bc4d3 Nf6d7
9.Bc1f4 d5
10.exd5 cxd5
11.Bd3xg6 hxg6
12.Nc3b5 Qd8a5
13.Nb5c3 Nb8c6
14.a3 a6
15.b4 Qa5d8
16.Qd1d3 b5
17.Nc3xb5 axb5
18.Qd3xb5 Qd8b6
19.Qb5xb6 Nd7xb6
20.c3 Nb6c4
21.Bf4c1 Bf8d6
22.Nf3d2 Nc6e7
23.Nd2xc4 dxc4
24.b5 Ne7d5
25.Bc1b2 Nd5f4
26.Kf1 Nf4d3
27.Ra1a2 Nd3xb2
28.Ra2xb2 Ra8xa3
29.Rb2c2 Ra3b3
30.Kg2 Rb3xb5
31.Rh1a1 O-O
32.Ra1a4 Rf8c8
33.Kf3 g5
34.Ke4 f5
35.gxf5 exf5
36.Kf3 Rb5b1
37.Ra4a5 g4
38.hxg4 fxg4
39.Kxg4 Rb1g1
40.Kf5 Rc8f8
41.Ke6 Rf8f6
42.Kd7 Rg1e1
43.Ra5a8 Kh7
44.Kc6 Bd6b4
45.Kb5 Bb4f8
46.Kxc4 Re1f1
47.Ra8a2 Bf8d6
48.Kd3 Bd6h2
49.Ke3 Bh2g1
50.c4 Rf1e1
51.Kd2 Bg1xf2
52.d5 Re1f1
53.Kc3 Bf2c5
54.Ra2a5 Rf1f3
55.Kb2 Rf6b6
56.Ka2 Bc5d4
57.c5 Rb6h6
58.c6 Rh6h1
59.Rc2b2 Bd4xb2
60.c7 Bb2e5
61.c8Q Rh1a1
{ resign }
0-1

[Event "Tourn. n9686"]
[Site "www.chess-mail.com"]
[Date "2018.03.02"]
[Round "1"]
[White "Sahlapalat"]
[Black "Fantomas"]
[WhiteElo "2090"]
[BlackElo "2210"]
[Result "1/2-1/2"]
[Round "1"]
1.d4 d5
2.c4 e6
3.Nb1c3 Ng8f6
4.cxd5 exd5
5.Bc1g5 Bf8e7
6.e3 h6
7.Bg5h4 Bc8e6
8.Bf1d3 O-O
9.Ng1e2 c6
10.O-O Nb8d7
11.Ra1b1 Rf8e8
12.b4 a6
13.Qd1c2 Nd7f8
14.a4 Be6g4
15.Rf1c1 Nf6h5
16.Bh4xe7 Qd8xe7
17.b5 axb5
18.axb5 Bg4d7
19.Nc3a4 Re8c8
20.Na4b6 Qe7d6
21.Nb6xa8 Rc8xa8
22.Qc2c5 Qd6c7
23.bxc6 bxc6
24.Qc5b6 Qc7d6
25.Ne2c3 Qd6e6
26.Bd3e2 Nh5f6
27.Be2f3 Nf8g6
28.Rb1a1 Ra8c8
29.Nc3a4 Bd7e8
30.Na4c5 Nf6d7
31.Nc5xe6 Nd7xb6
32.Ne6c5 Ng6f8
33.Ra1a6 Nb6c4
34.Bf3g4 Rc8b8
35.h4 g6
36.e4 Rb8d8
37.h5 Kg7
38.exd5 cxd5
39.hxg6 Nf8xg6
40.Bg4f3 Ng6h4
41.Bf3xd5 Rd8xd5
42.Rc1xc4 Be8b5
43.Rc4a4 Bb5xa6
44.Nc5xa6 Nh4f5
{ draw }
1/2-1/2

[Event "Tourn. n9686"]
[Site "www.chess-mail.com"]
[Date "2018.03.02"]
[Round "1"]
[White "Prize64"]
[Black "Fantomas"]
[WhiteElo "2120"]
[BlackElo "2210"]
[Result "0-1"]
[Round "1"]
1.e4 e5
2.Ng1f3 Nb8c6
3.Bf1c4 h6
4.c3 Ng8f6
5.d3 d6
6.O-O Bc8g4
7.h3 Bg4h5
8.b4 Bf8e7
9.Nb1d2 O-O
10.a4 Qd8d7
11.Rf1e1 Nf6h7
12.Nd2f1 Nh7g5
13.Bc1xg5 Bh5xf3
14.Qd1xf3 Be7xg5
15.Nf1g3 Bg5d2
16.Ng3f5 Nc6e7
17.Qf3g4 Ne7xf5
18.Ra1d1 Bd2xe1
19.Rd1xe1 Ra8d8
20.exf5 Kh7
21.d4 Rd8e8
22.Bc4d3 Kh8
23.d5 Qd7e7
24.Re1e3 Qe7g5
25.Qg4c4 Re8c8
26.Re3g3 Qg5f6
27.Kh2 Rf8e8
28.Bd3e4 Qf6e7
29.Rg3f3 f6
30.Rf3g3 Qe7f7
31.Be4f3 Qf7d7
32.Qc4e4 Qd7xa4
33.Bf3h5 Re8e7
34.Rg3g6 c6
35.Qe4e3 Rc8f8
36.f4 cxd5
37.fxe5 dxe5
38.Qe3c5 Qa4d7
39.Qc5xa7 Qd7xf5
40.Qa7c5 Qf5d7
41.Bh5g4 Qd7c7
42.Qc5e3 d4
43.cxd4 exd4
44.Qe3g3 d3
45.Qg3xc7 Re7xc7
46.Bg4f3 d2
47.Rg6g4 Rf8d8
{ resign }
0-1

[Event "Tourn. n9677"]
[Site "www.chess-mail.com"]
[Date "2018.03.02"]
[Round "1"]
[White "Apdash"]
[Black "Tartan"]
[WhiteElo "2260"]
[BlackElo "2550"]
[Result "0-1"]
[Round "1"]
1.e4 c5
2.Ng1f3 Nb8c6
3.d4 cxd4
4.Nf3xd4 g6
5.Bf1c4 Bf8g7
6.c3 Ng8f6
7.Qd1c2 O-O
8.O-O Nc6xd4
9.cxd4 d5
10.exd5 Nf6xd5
11.Rf1d1 Bc8g4
12.f3 Bg4e6
13.Bc4xd5 Qd8xd5
14.Bc1e3 Ra8c8
15.Qc2a4 Qd5c4
16.Qa4xc4 Be6xc4
17.Nb1d2 Bc4d5
18.Rd1c1 e5
19.dxe5 Bg7xe5
20.Be3xa7 Rc8a8
21.Ba7c5 Be5xb2
22.Bc5xf8 Kxf8
23.Nd2e4 b5
24.Rc1d1 Bd5xa2
25.Ra1xa2 Ra8xa2
26.Rd1d7 h6
27.g3 b4
28.Ne4d6 Bb2d4
29.Kh1 b3
30.Nd6c4 Bd4c3
31.Rd7d3 Ra2c2
32.h3 b2
33.Nc4xb2 Bc3xb2
34.Rd3b3 h5
35.g4 h4
36.f4 Kg7
37.Rb3b5 Bb2c1
38.f5 Rc2c3
39.fxg6 Rc3xh3
40.Kg2 Rh3g3
41.Kh1 fxg6
42.Rb5c5 Bc1e3
43.Rc5c7 Kh6
{ resign }
0-1

[Event "Tourn. n9634"]
[Site "www.chess-mail.com"]
[Date "2018.03.02"]
[Round "1"]
[White "Sahlapalat"]
[Black "Redapond1"]
[WhiteElo "1870"]
[BlackElo "1660"]
[Result "1-0"]
[Round "1"]
1.d4 d5
2.c4 Ng8f6
3.cxd5 Nf6xd5
4.e4 Nd5f6
5.Nb1c3 e6
6.Ng1f3 Bf8b4
7.Bf1d3 O-O
8.O-O Bb4xc3
9.bxc3 Nb8c6
10.Bc1g5 h6
11.Bg5h4 Rf8e8
12.Bd3c2 g5
13.Nf3xg5 hxg5
14.Bh4xg5 e5
15.f4 exd4
16.e5 dxc3
17.Bg5xf6 Qd8xd1
18.Ra1xd1 Nc6b4
19.Bc2e4 Bc8g4
20.Rd1c1 Nb4xa2
21.Rc1c2 Bg4e6
22.Rf1a1 b5
23.f5 Be6c4
24.Be4xa8 Re8xa8
25.Ra1xa2 Bc4xa2
26.Rc2xc3 a5
27.Rc3h3 { resign }
1-0

[Event "Tourn. n9698"]
[Site "www.chess-mail.com"]
[Date "2018.03.02"]
[Round "1"]
[White "Asoka"]
[Black "Senitram"]
[WhiteElo "2660"]
[BlackElo "2660"]
[Result "1-0"]
[Round "1"]
1.d4 Ng8f6
2.c4 c5
3.d5 d6
4.Nb1c3 g6
5.e4 Bf8g7
6.h3 O-O
7.Bf1d3 Nf6d7
8.Ng1f3 Nd7e5
9.Nf3xe5 Bg7xe5
10.Bc1h6 Rf8e8
11.Qd1d2 Nb8d7
12.O-O Qd8a5
13.f4 Be5d4
14.Kh1 a6
15.e5 dxe5
16.f5 e4
17.Bd3xe4 Nd7e5
18.fxg6 hxg6
19.Qd2g5 Qa5b6
20.Nc3e2 f5
21.Be4xf5 Bc8xf5
22.Rf1xf5 Bd4e3
23.Qg5g3 Be3xh6
24.Rf5xe5 g5
25.Ne2c3 { resign }
1-0

[Event "Tourn. n9674"]
[Site "www.chess-mail.com"]
[Date "2018.03.02"]
[Round "1"]
[White "Prize64"]
[Black "Sahlapalat"]
[WhiteElo "2150"]
[BlackElo "2080"]
[Result "0-1"]
[Round "1"]
1.d4 Ng8f6
2.Bc1f4 d5
3.e3 Bc8f5
4.c4 e6
5.Qd1b3 Nb8d7
6.Ng1f3 b6
7.Nb1c3 c6
8.cxd5 exd5
9.Nf3e5 Nd7xe5
10.dxe5 Nf6d7
11.Ra1d1 Nd7c5
12.Rd1xd5 cxd5
13.Bf1b5 Bf5d7
14.Qb3xd5 Bd7xb5
15.Nc3xb5 Qd8xd5
16.Nb5c7 Kd7
17.Nc7xd5 Nc5d3
18.Ke2 Nd3xb2
{ resign }
0-1

[Event "Tourn. n9723"]
[Site "www.chess-mail.com"]
[Date "2018.03.02"]
[Round "1"]
[White "Zack1984"]
[Black "Bojan"]
[WhiteElo "1809"]
[BlackElo "1970"]
[Result "0-1"]
[Round "1"]
1.b4 d5
2.Bc1b2 Bc8f5
3.Ng1f3 h6
4.e3 Ng8f6
5.c4 c6
6.cxd5 Qd8xd5
7.d3 Bf5g4
8.e4 Qd5d8
9.Bf1e2 e6
10.Bb2c3 Nb8d7
11.Nb1d2 Bg4h5
12.a4 a6
13.Qd1b3 Qd8c7
 { time }
0-1

[Event "Tourn. n9662"]
[Site "www.chess-mail.com"]
[Date "2018.03.02"]
[Round "1"]
[White "Fantomas"]
[Black "Sahlapalat"]
[WhiteElo "2220"]
[BlackElo "2030"]
[Result "1/2-1/2"]
[Round "1"]
1.e4 c5
2.Ng1f3 d6
3.Bf1c4 e6
4.Qd1e2 Nb8c6
5.c3 Ng8f6
6.Bc4b3 Bf8e7
7.O-O O-O
8.d3 b5
9.Bb3c2 Bc8b7
10.h3 a5
11.Bc1e3 Qd8c7
12.Nb1d2 Rf8e8
13.Ra1c1 d5
14.d4 dxe4
15.Nd2xe4 Nf6xe4
16.Bc2xe4 c4
17.Rc1d1 Be7f6
18.Qe2c2 g6
19.Be3h6 Ra8d8
20.Qc2c1 Qc7e7
21.Rf1e1 Qe7c7
22.Bh6f4 Qc7b6
23.Bf4g5 Bf6xg5
24.Qc1xg5 Kg7
25.Nf3h2 h6
26.Qg5c1 Nc6e7
27.Nh2g4 Ne7g8
28.Be4b1 Qb6c6
29.f3 Qc6c7
30.Re1e2 h5
31.Ng4e5 Ng8f6
32.Qc1g5 Nf6h7
33.Qg5g3 Nh7f8
34.f4 f5
35.Rd1e1 Bb7d5
36.Re2e3 Qc7e7
37.h4 Qe7f6
38.Bb1c2 Nf8d7
39.Bc2d1 Kh7
40.Ne5f3 Bd5xf3
41.Bd1xf3 Rd8c8
42.Bf3b7 Rc8c7
43.Bb7a6 b4
44.Ba6b5 Re8e7
45.Qg3f2 Nd7b6
46.Re3f3 Qf6f8
47.Re1e5 Nb6d5
48.Qf2e2 Qf8c8
49.g3 Kg7
50.Kg2 Kf7
51.Qe2e1 Qc8b7
52.Bb5a4 Nd5f6
53.Re5b5 Qb7a8
54.Rb5e5 bxc3
55.bxc3 Nf6d5
56.Kf2 Qa8b8
57.Re5e2 Qb8b6
58.Re2d2 Nd5f6
59.Kg2 Rc7b7
60.Ba4c2 Qb6c6
61.Rd2e2 Rb7b2
62.a4 Nf6d5
63.Kf2 Re7b7
64.Qe1a1 Qc6d6
65.Re2d2 Qd6b6
66.Qa1a3 Qb6c6
67.Rd2e2 Rb2b6
68.Qa3a1 Rb6b2
{ draw }
1/2-1/2

[Event "Tourn. n9693"]
[Site "www.chess-mail.com"]
[Date "2018.03.02"]
[Round "1"]
[White "Bojan"]
[Black "Andychesston"]
[WhiteElo "1970"]
[BlackElo "1990"]
[Result "0-1"]
[Round "1"]
1.e4 e5
2.Ng1f3 Nb8c6
3.Bf1c4 Bf8e7
4.a3 d6
5.d4 Bc8g4
6.Bc4e2 Ng8f6
7.d5 Bg4xf3
8.gxf3 Nc6d4
9.Be2d3 c6
10.dxc6 Nd4xc6
11.c3 O-O
12.Rh1g1 Kh8
13.Bc1e3 d5
14.exd5 Nf6xd5
15.Be3d2 f5
16.c4 Nd5f4
17.Bd2xf4 exf4
18.Qd1c2 Nc6d4
19.Qc2d1 Qd8a5
20.Nb1c3 Qa5e5
21.Kd2 Ra8d8
22.Kc1 Nd4b3
23.Qd1xb3 Rd8xd3
24.Kc2 Rd3xf3
25.Ra1e1 Rf3xf2
26.Kb1 Qe5c5
27.Qb3xb7 Be7f6
28.Nc3d5 Rf2xb2
29.Qb7xb2 Bf6xb2
30.Kxb2 Rf8b8
31.Nd5b4 Qc5d4
32.Kb3 a5
33.Re1d1 Qd4e3
34.Ka4 axb4
35.axb4 Rb8a8
36.Kb5 Qe3e8
37.Kb6 Qe8b8
38.Kc5 Qb8a7
39.Kc6 Ra8c8
40.Kb5 Rc8b8
41.Kc6 Qa7b7
42.Kd6 Qb7xb4
43.Ke5 g6
44.Kxf4 Qb4xc4
45.Kg5 Qc4e2
46.h4 Qe2h5
47.Kf6 Rb8f8
48.Ke7 Kg7
49.Rd1e1 Qh5xh4
50.Kd7 Qh4d4
51.Kc7 Qd4c5
52.Kd7 Rf8f7
{ resign }
0-1

[Event "Match"]
[Site "www.echecsemail.com"]
[Date "2018.03.02"]
[Round "1"]
[White "Add"]
[Black "Sefj"]
[WhiteElo "2110"]
[BlackElo "2279"]
[Result "1-0"]
[Round "1"]
1.c4 c5
2.Nb1c3 Nb8c6
3.Ng1f3 g6
4.e4 Bf8g7
5.h3 Nc6d4
6.d3 e6
7.Nf3xd4 Bg7xd4
8.Qd1f3 a6
9.Bf1e2 h5
10.Qf3g3 Qd8f6
11.Bc1d2 Bd4e5
12.Qg3f3 Qf6e7
13.Be2d1 Qe7d6
14.Bd2g5 f6
15.Bg5e3 Be5xc3
16.bxc3 Qd6xd3
17.Be3xc5 Qd3xc4
18.Qf3e3 Qc4b5
19.Bd1e2 Qb5c6
20.O-O b5
21.f4 Bc8b7
22.Be2f3 Qc6c7
23.e5 Bb7xf3
24.Rf1xf3 Ra8c8
25.Bc5d4 f5
26.a4 Ng8e7
27.axb5 Ne7d5
28.Qe3d2 axb5
29.Rf3g3 Kf7
30.Rg3f3 Rc8a8
31.Rf3f1 d6
32.exd6 Qc7xd6
33.Bd4xh8 Ra8xh8
34.Ra1a7 Kg8
35.Qd2d4 Qd6b6
36.Qd4xb6 Nd5xb6
37.Rf1b1 Rh8h7
38.Ra7xh7 Kxh7
39.Rb1xb5 Nb6d5
40.c4 Nd5xf4
41.c5 Nf4e2
42.Kf2 Ne2d4
43.Rb5b6 Kh6
44.c6 Nd4xc6
45.Rb6xc6 e5
46.h4 e4
47.Ke3 Kg7
48.g3 Kf7
49.Kf4 Kg7
50.Kg5 Kf7
51.Rc6xg6 e3
52.Kxf5 { resign }
1-0

[Event "Match"]
[Site "www.echecsemail.com"]
[Date "2018.03.02"]
[Round "1"]
[White "Zack1984"]
[Black "Chapi"]
[WhiteElo "1809"]
[BlackElo "2100"]
[Result "0-1"]
[Round "1"]
1.b4 e6
2.Bc1b2 Ng8f6
3.a3 c5
4.bxc5 Bf8xc5
5.e3 O-O
6.d4 Bc5e7
7.Ng1f3 Nf6e4
8.c4 b6
9.Nb1d2 Bc8b7
10.Nd2xe4 Bb7xe4
11.Nf3d2 Be4b7
 { time }
0-1

[Event "Match"]
[Site "www.echecsemail.com"]
[Date "2018.03.02"]
[Round "1"]
[White "Zack1984"]
[Black "Krystek23"]
[WhiteElo "1809"]
[BlackElo "2450"]
[Result "0-1"]
[Round "1"]
1.d4 Ng8f6
2.c4 g6
3.Nb1c3 Bf8g7
4.Ng1f3 d6
5.e4 Nb8d7
6.Bf1e2 a6
7.e5 Nf6g8
8.Bc1f4 Nd7f8
9.Qd1c2 Nf8e6
10.Bf4e3 Ng8h6
11.d5 Ne6c5
12.Qc2d2 Nh6g4
 { time }
0-1

[Event "Match"]
[Site "www.echecsemail.com"]
[Date "2018.03.02"]
[Round "1"]
[White "Zack1984"]
[Black "Whitekknight"]
[WhiteElo "1809"]
[BlackElo "1960"]
[Result "0-1"]
[Round "1"]
1.b4 e5
2.Bc1b2 d6
3.c4 Ng8f6
4.e3 Bf8e7
5.Qd1c2 Nb8c6
6.a3 a6
7.Ng1f3 Bc8g4
8.Bf1e2 Qd8d7
9.d3 O-O
10.h3 Bg4xf3
11.Be2xf3 Rf8e8
 { time }
0-1

[Event "Match"]
[Site "www.echecsemail.com"]
[Date "2018.03.02"]
[Round "1"]
[White "Jovaras"]
[Black "Add"]
[WhiteElo "2119"]
[BlackElo "2110"]
[Result "0-1"]
[Round "1"]
1.e4 d5
2.exd5 Qd8xd5
3.Nb1c3 Qd5e5
4.Bf1e2 a6
5.Ng1f3 Qe5d6
6.d4 e6
7.O-O h6
8.Rf1e1 c6
9.Bc1e3 Ng8f6
10.Qd1d2 g5
11.h3 Nb8d7
12.Nf3h2 Nd7b6
13.Nh2g4 Nf6xg4
14.Be2xg4 Nb6c4
15.Qd2c1 Nc4xe3
16.Qc1xe3 Bf8g7
17.Ra1d1 Bc8d7
18.Nc3e4 Qd6c7
19.c3 O-O-O
20.b4 f5
21.Ne4xg5 hxg5
22.Qe3xg5 Bg7h6
{ resign }
0-1

[Event "Match"]
[Site "www.echecsemail.com"]
[Date "2018.03.02"]
[Round "1"]
[White "Fegatux"]
[Black "Pinehill"]
[WhiteElo "1499"]
[BlackElo "2060"]
[Result "1-0"]
[Round "1"]
1.d4 d5
2.c4 c6
3.g3 dxc4
4.Bf1g2 Ng8f6
5.Ng1f3 Bc8f5
6.O-O e6
7.Bc1g5 Nb8d7
8.a4 h6
9.Bg5f4 g5
10.Bf4e5 Bf8g7
11.Nb1c3 O-O
12.Rf1e1 Nf6d5
13.Be5xg7 Kxg7
14.e4 Nd5xc3
15.bxc3 Bf5g6
16.a5 b5
17.axb6 axb6
18.Nf3d2 b5
19.e5 Qd8b6
20.Qd1f3 Ra8xa1
21.Re1xa1 f5
22.Qf3xc6 Bg6e8
23.Ra1a6 Qb6xc6
24.Ra6xc6 Be8f7
25.Rc6d6 Rf8d8
26.Bg2c6 Bf7e8
27.Bc6xb5 { resign }
1-0

[Event "Match"]
[Site "www.echecsemail.com"]
[Date "2018.03.02"]
[Round "1"]
[White "Lcbunghai"]
[Black "Hundegana"]
[WhiteElo "2040"]
[BlackElo "2000"]
[Result "0-1"]
[Round "1"]
1.e4 c5
2.Ng1f3 Ng8f6
3.Nb1c3 e6
4.d4 cxd4
5.Nf3xd4 Bf8c5
6.Bf1e2 Qd8b6
7.Nc3a4 Qb6a5
8.c3 Bc5xd4
9.Qd1xd4 e5
10.Qd4b4 Qa5xb4
11.cxb4 Nf6xe4
12.O-O O-O
13.Bc1e3 d5
14.Be3c5 Rf8d8
15.Rf1d1 Bc8e6
16.Bc5e7 Rd8d7
17.Be7h4 Nb8c6
18.f3 Ne4f6
19.Bh4xf6 gxf6
20.Na4c5 Rd7c7
21.a3 a6
22.Kf2 d4
23.Nc5xe6 fxe6
24.Ra1c1 Ra8c8
25.Be2c4 Kf7
26.Bc4d3 h6
27.h4 f5
28.g4 Nc6e7
29.gxf5 Rc7xc1
30.Rd1xc1 Rc8xc1
{ resign }
0-1

[Event "Match"]
[Site "www.echecsemail.com"]
[Date "2018.03.02"]
[Round "1"]
[White "Dussek"]
[Black "Zack1984"]
[WhiteElo "1740"]
[BlackElo "1809"]
[Result "1-0"]
[Round "1"]
1.Ng1f3 d5
2.g3 c5
3.Bf1g2 Nb8c6
4.O-O e5
5.d3 Ng8f6
6.Bc1g5 Bf8e7
7.Nb1c3 d4
8.Nc3e4 Nf6xe4
9.dxe4 Be7xg5
10.Nf3xg5  { time }
1-0

[Event "Match"]
[Site "www.echecsemail.com"]
[Date "2018.03.02"]
[Round "1"]
[White "Zack1984"]
[Black "Bjonil60"]
[WhiteElo "1809"]
[BlackElo "1490"]
[Result "0-1"]
[Round "1"]
1.b4 b5
2.a4 a6
3.axb5 axb5
4.Ra1xa8 Bc8b7
5.Ra8a2 Bb7d5
6.Ra2b2 e6
7.Nb1c3 Bd5c6
8.e3 Ng8f6
9.Nc3xb5 Bc6xb5
10.Bf1xb5 c6
 { time }
0-1

[Event "Match"]
[Site "www.echecsemail.com"]
[Date "2018.03.02"]
[Round "1"]
[White "Billyg"]
[Black "Lion123"]
[WhiteElo "1740"]
[BlackElo "1590"]
[Result "0-1"]
[Round "1"]
1.e4 c5
2.Ng1f3 d6
3.d4 cxd4
4.Nf3xd4 Ng8f6
5.Bf1b5 Nb8d7
6.O-O Nf6xe4
7.f3 a6
8.Bb5a4 b5
9.Ba4b3 Ne4c5
10.Rf1e1 Nc5xb3
11.axb3 g6
12.c3 Bf8g7
13.Nd4c6 Qd8b6
14.Nc6d4 O-O
15.Bc1e3 Qb6c7
16.Nb1d2 e5
17.Nd4c2 Nd7c5
18.Ra1c1 Nc5d3
19.Nc2b4 Nd3xc1
20.Qd1xc1 Bc8e6
21.Qc1a1 a5
22.Nb4d3 a4
23.Qa1c1 axb3
24.Qc1d1 Be6c4
25.Nd3b4 Rf8d8
26.Nd2e4 d5
27.Ne4d2 d4
28.cxd4 exd4
29.Be3g5 Rd8d7
30.Nd2xb3 d3
31.Re1e3 Bg7xb2
32.Nb3d2 Ra8a1
33.Qd1xa1 Bb2xa1
34.Re3e1 Qc7c5
35.Kh1 Qc5xg5
36.Nd2e4 Qg5e5
37.Nb4c6 d2
38.Re1d1 Qe5b2
39.Nc6a5 Qb2c1
40.Ne4f2 Rd7e7
41.Rd1g1 Qc1xg1
42.Kxg1 Re7e1

0-1

[Event "Match"]
[Site "www.echecsemail.com"]
[Date "2018.03.02"]
[Round "1"]
[White "Fegatux"]
[Black "Dussek"]
[WhiteElo "1499"]
[BlackElo "1740"]
[Result "1-0"]
[Round "1"]
1.d4 d5
2.c4 e6
3.Ng1f3 Ng8f6
4.g3 Bf8e7
5.Bf1g2 O-O
6.O-O dxc4
7.Nf3e5 b5
8.Bg2xa8 Nb8d7
9.Ne5c6 Qd8e8
10.Nc6xe7 Qe8xe7
11.Ba8g2 Nd7b6
12.Bc1g5 Nb6d5
13.b3 c3
14.e4 h6
15.Bg5xf6 Nd5xf6
16.Nb1xc3 b4
17.Nc3a4 { resign }
1-0

[Event "Match"]
[Site "www.echecsemail.com"]
[Date "2018.03.02"]
[Round "1"]
[White "Sefj"]
[Black "Calponas"]
[WhiteElo "1809"]
[BlackElo "2120"]
[Result "1-0"]
[Round "1"]
1.d4 f5
2.c4 Ng8f6
3.Nb1c3 e6
4.g3 d5
5.c5 c6
6.e3 b6
7.b4 a5
8.Qd1b3 axb4
9.Qb3xb4 bxc5
10.dxc5 Nb8a6
11.Qb4a4 Bc8d7
12.Bf1xa6 Bf8xc5
13.Ng1f3 Qd8b6
14.Ra1b1 Qb6xa6
15.Qa4xa6 O-O
16.Qa6e2 Bc5d6
17.Nf3d4 e5
18.Nd4b3 Rf8b8
19.O-O g6
20.Bc1d2 Kg7
21.f3 h6
22.e4 d4
23.Nc3d1 Ra8xa2
24.Bd2xh6 { resign }
1-0

[Event "Match"]
[Site "www.echecsemail.com"]
[Date "2018.03.02"]
[Round "1"]
[White "Zack1984"]
[Black "Guidom"]
[WhiteElo "1809"]
[BlackElo "2120"]
[Result "0-1"]
[Round "1"]
1.d4 d5
2.c4 dxc4
3.e3 c6
4.Bf1xc4 e6
5.Ng1f3 Ng8f6
6.O-O Bf8e7
7.Qd1c2 Nb8d7
8.Nb1c3 O-O
9.e4 h6
10.e5 Nf6d5
11.a3 Nd7b6
12.Bc4a2 f5
 { time }
0-1

[Event "Match"]
[Site "www.echecsemail.com"]
[Date "2018.03.02"]
[Round "1"]
[White "Aiko1603"]
[Black "Odd"]
[WhiteElo "2170"]
[BlackElo "1809"]
[Result "1-0"]
[Round "1"]
1.c4 e5
2.Nb1c3 f5
3.g3 Ng8f6
4.Bf1g2 Nb8c6
5.d3 Bf8c5
6.Ng1f3 a6
7.Bc1g5  { time }
1-0

[Event "Match"]
[Site "www.echecsemail.com"]
[Date "2018.03.02"]
[Round "1"]
[White "Hundegana"]
[Black "Zack1984"]
[WhiteElo "2050"]
[BlackElo "1809"]
[Result "1-0"]
[Round "1"]
1.e4 Ng8f6
2.f3 e5
3.Bf1c4 Bf8c5
4.Ng1e2 d5
5.exd5 Nf6xd5
6.a3 Qd8h4
7.g3 Qh4xc4
8.b3 Qc4a6
9.Bc1b2 Bc8h3
10.Bb2xe5 Nb8c6
11.Be5xg7  { time }
1-0